Band or The Band? #1 - Statistics

General Stats
  • This quiz has been taken 754 times
  • The average score is 16 of 20
Answer Stats
Hint Answer % Correct
Beatles The
97%
Queen The
96%
Black Sabbath The
94%
Oasis The
93%
Aerosmith The
92%
Fleetwood Mac The
91%
Kiss The
91%
Doors The
89%
Who The
88%
Killers The
88%
Police The
87%
Supremes The
86%
Beach Boys The
78%
White Stripes The
78%
Wu-Tang Clan The
78%
Righteous Brothers The
75%
Foo Fighters The
71%
Jackson 5 The
57%
Beastie Boys The
52%
Eagles The
46%
No matching quizzes found
Score Distribution
Percent of People with Each Score
Percentile by Number Answered
Your Score History
You have not taken this quiz